Loading...
Trade marks and brands : an interdisciplinary critique
| Other Authors: | |
|---|---|
| Format: | Printed Book |
| Published: |
New Delhi
CUP
2010
|
| Subjects: |
| LEADER | 00518nam a22001577a 4500 | ||
|---|---|---|---|
| 020 | |a 9780521259309 | ||
| 082 | |a 346.048 8 |b TRA | ||
| 245 | |a Trade marks and brands : an interdisciplinary critique | ||
| 260 | |a New Delhi |b CUP |c 2010 | ||
| 300 | |a 435p. | ||
| 650 | |a Trademarks-Law | ||
| 650 | |a Brand name-Law | ||
| 700 | |a Bently, Lionel | ||
| 942 | |c BK | ||
| 999 | |c 37968 |d 37968 | ||
| 952 | |0 0 |1 0 |4 0 |6 346_048000000000000_8_TRA |7 0 |8 Stack |9 40189 |a KUCL |b KUCL |c Stack |d 2016-01-29 |g 395.00 |l 0 |o 346.048 8 TRA |p 37824 |r 2016-01-29 |w 2016-01-29 |y BK | ||